| 000 | 00531nam a22001577a 4500 | ||
|---|---|---|---|
| 003 | OSt | ||
| 005 | 20150912102734.0 | ||
| 008 | 150912b xxu||||| |||| 00| 0 eng d | ||
| 040 | _cRUA | ||
| 082 | _aAGR ជៀច 1995 B015 Or.1 | ||
| 100 |
_9294 _aជៀច ជាមិត្ត |
||
| 245 | _aការសិក្សាស្រាវជ្រាវ អំពីជំងឺលើដំណាំស្រូវ( research of rice deseases ) | ||
| 260 |
_aPhnom Penh _bRUA _c1995 |
||
| 300 |
_a81p. _bill. _c29cm. |
||
| 942 |
_2ddc _cAGR |
||
| 999 |
_c272 _d272 |
||